000
00343 a2200169 4500
001
189388
020
_a
978-85-7153-284-7
040
_c
Magnum
100
_a
Jardim, Ana Teresa
240
1
0
_a
Sacopenapan
_l
por
245
1
0
_a
Sacopenapan
300
_a
96
362
0
_a
2012
440
1
_a
RHJ
697
_a
LITERATURA JUVENIL
942
_c
BK
999
_c
189388
_d
189388